Metódy vedeckej práce v disciplínach ekonomiky, manažmentu a financií podniku - 2010

Príprava doktoranda na Fakulte podnikového manažmentu Ekonomickej univerzity v Bratislave. Zoznámenie sa s metódami a postupmi, ktoré sa využívajú vo vedeckej práci všeobecne a pri písaní kvalifikačných prác.

Gespeichert in:
Bibliographische Detailangaben
1. Verfasser: Grznár, Miroslav
Format: Buchkapitel
Sprache:Slowakisch
Schlagworte:
Tags: Tag hinzufügen
Keine Tags, Fügen Sie das erste Tag hinzu!

MARC

LEADER 00000nla$a2200000$$$4500
001 0124417
005 20240502072415.9
041 0 |a slo 
044 |a SK 
245 1 0 |a Metódy vedeckej práce v disciplínach ekonomiky, manažmentu a financií podniku - 2010  |c Miroslav Grznár 
520 |a Príprava doktoranda na Fakulte podnikového manažmentu Ekonomickej univerzity v Bratislave. Zoznámenie sa s metódami a postupmi, ktoré sa využívajú vo vedeckej práci všeobecne a pri písaní kvalifikačných prác. 
610 2 0 |a univerzity 
610 2 0 |a školy vysoké 
610 2 0 |a štúdium doktorandské 
610 2 0 |a výučba vedecká 
610 2 0 |a práce kvalifikačné 
610 2 0 |a metódy 
610 2 0 |a metodológia 
100 1 |a Grznár, Miroslav